000 00591nam a2200193Ia 4500
003 GCL
008 140319s9999 xx 000 0 ara d
040 _aGCL /
_cGCL
082 0 4 _a819
_bع ت
100 1 _aعزالدين على السيد
245 1 0 _aالتكرير المثير والتأثير /
_cعزالدين على السيد
260 _a[S.N] :
_bدار الطباعة المحمدية ،
_c1978
300 _a238 ص
490 _a
650 0 4 _aالشعر العربى
650 0 4 _aالادب العربى
650 0 4 _aالبلاغة العربية
942 _2ddc
_cBK
999 _c32981
_d32981